Los grandes procesos de la historia / (Record no. 75746)

MARC details
000 -LEADER
campo de control de longitud fija 01107nam a2200289 i 4500
001 - NÚMERO DE CONTROL
campo de control 75746
003 - IDENTIFICADOR DE NÚMERO DE CONTROL
campo de control ES-MaACL
005 - FECHA Y HORA DE LA ÚLTIMA TRANSACCIÓN
campo de control 20250818131140.0
007 - CAMPO FIJO DE DESCRIPCIÓN FÍSICA--INFORMACIÓN GENERAL
campo de control de longitud fija t|
008 - DATOS DE LONGITUD FIJA--INFORMACIÓN GENERAL
campo de control de longitud fija 040927s1970 sp cfo ||||1| spa d
080 ## - NÚMERO DE LA CLASIFICACIÓN DECIMAL UNIVERSAL
Número de la Clasificación Decimal Universal 340.96"19"
245 04 - MENCIÓN DEL TÍTULO
Título Los grandes procesos de la historia /
Mención de responsabilidad, etc. [presentados por Bernard Michal].
250 ## - MENCION DE EDICION
Mención de edición Ed. reservada a los Amigos de la Historia.
260 ## - PUBLICACIÓN, DISTRIBUCIÓN, ETC.
Lugar de publicación, distribución, etc. [Madrid] :
Nombre del editor, distribuidor, etc. Círculo de Amigos de la Historia,
Fecha de publicación, distribución, etc. [1970]
300 ## - DESCRIPCIÓN FÍSICA
Extensión 2 v. :
Otras características físicas 24 lám. ;
Dimensiones 21 cm.
490 1# - MENCIÓN DE SERIE
Mención de serie Los grandes procesos de la historia ;
Designación de volumen o secuencia 1-2
504 ## - NOTA DE BIBLIOGRAFÍA, ETC.
Nota de bibliografía, etc. Bibliografía: v. 1, p. [311-312]; v. 2, (p. [331]-332)
505 0# - NOTA DE CONTENIDO CON FORMATO
Nota de contenido con formato 1. Los procesos de Moscú (310 p.) - 2. El proceso de Eichmann. El proceso de Tokio (332 p.)
600 14 - PUNTO DE ACCESO ADICIONAL DE MATERIA--NOMBRE DE PERSONA
Nombre de persona Eichmann, Adolf.
9 (RLIN) 46812
650 #4 - PUNTO DE ACCESO ADICIONAL DE MATERIA--TÉRMINO DE MATERIA
Término de materia o nombre geográfico como elemento de entrada Proceso de Moscú, 1936-1937.
9 (RLIN) 170969
650 #4 - PUNTO DE ACCESO ADICIONAL DE MATERIA--TÉRMINO DE MATERIA
Término de materia o nombre geográfico como elemento de entrada Proceso de Tokio, 1946-1948.
9 (RLIN) 170970
700 1# - ENTRADA AGREGADA--NOMBRE PERSONAL
Nombre de persona Michal, Bernard.
9 (RLIN) 80865
700 2# - ENTRADA AGREGADA--NOMBRE PERSONAL
Nombre de persona
9 (RLIN) 241866
830 14 - PUNTO DE ACCESO ADICIONAL DE SERIE-TÍTULO UNIFORME
Título uniforme Los grandes procesos de la historia
Designación de volumen o secuencia 1-2
9 (RLIN) 183507
852 ## - LOCALIZACIÓN
Ubicación ES-MaACL
Número de control de estantería C-39819-20
Nota libre - Enc. cart.
Holdings
Estatus retirado Estado de pérdida Estado de daño No para préstamo Biblioteca de origen Biblioteca actual Ubicación en estantería Fecha de adquisición Fuente de adquisición Total de préstamos Signatura topográfica completa Código de barras Visto por última vez Precio de reemplazo Tipo de ítem Koha
        Biblioteca del Ateneo de Madrid Biblioteca del Ateneo de Madrid Depósito 2 17/01/2008     C-39819-20 1079281 23/02/2023 23/02/2023 Libro impreso